[Event "Titled Tuesday intern op 28th Jan Early"]
[Site "Chess.com INT"]
[Date "2025.01.28"]
[Round "1"]
[White "Coelho, Ramyres Santana"]
[Black "Melaa, Sondre Lillestol"]
[Result "1-0"]
[WhiteElo "1989"]
[BlackElo "2329"]
[PlyCount "49"]
[EventDate "2025.01.28"]
[EventType "swiss (blitz)"]
[EventRounds "11"]
[EventCountry "USA"]
[SourceTitle "CB06_2025"]
[SourceDate "2025.02.05"]
[SourceVersion "1"]
[SourceVersionDate "2025.02.05"]
[SourceQuality "1"]

1. e4 e5 2. Nf3 Nc6 3. d4 exd4 4. Bc4 Nf6 5. e5 d5 6. Bb5 Ne4 7. Nxd4 Bc5 8. Nxc6 Bxf2+ 9. Kf1 bxc6 10. Bxc6+ Kf8 11. Qd3 Qh4 12. Nc3 Bb6 13. Nxe4 dxe4 14. Qg3 Qh5 15. Be3 Ba6+ 16. Kf2 Qf5+ 17. Ke1 Rd8 18. Bxb6 axb6 19. Qa3+ Kg8 20. Qxa6 Qxe5 21. Rd1 Rxd1+ 22. Kxd1 Qd6+ 23. Ke2 h6 24. Qc8+ Kh7 25. Qf5+ 1-0

[Event "Titled Tuesday intern op 28th Jan Early"]
[Site "Chess.com INT"]
[Date "2025.01.28"]
[Round "2"]
[White "Jain, Kashish Manoj"]
[Black "Coelho, Ramyres Santana"]
[Result "1-0"]
[WhiteElo "2363"]
[BlackElo "1989"]
[PlyCount "89"]
[EventDate "2025.01.28"]
[EventType "swiss (blitz)"]
[EventRounds "11"]
[EventCountry "USA"]
[SourceTitle "CB06_2025"]
[SourceDate "2025.02.05"]
[SourceVersion "1"]
[SourceVersionDate "2025.02.05"]
[SourceQuality "1"]

1. e4 c5 2. Nf3 d6 3. d4 cxd4 4. Qxd4 Nf6 5. Nc3 Nc6 6. Bb5 Qa5 7. Bxc6+ bxc6 8. e5 Nd5 9. Bd2 Nxc3 10. Bxc3 Qd5 11. Qxd5 cxd5 12. exd6 exd6 13. 0-0-0 Be6 14. Rhe1 Kd7 15. h3 Rc8 16. Nd4 Rxc3 17. bxc3 g6 18. Kd2 Bh6+ 19. Kd3 Bg7 20. Rb1 Bxd4 21. cxd4 Bf5+ 22. Kd2 Rc8 23. Rb7+ Kd8 24. c3 Be6 25. g4 a6 26. Reb1 Rc4 27. R1b4 Rc6 28. R4b6 Rc4 29. Rxa6 Kc8 30. Rb4 Rc7 31. Ra8+ Kd7 32. a4 f5 33. f3 fxg4 34. fxg4 h5 35. gxh5 gxh5 36. h4 Bg4 37. a5 Ke6 38. Rbb8 Rf7 39. Re8+ Kd7 40. Rf8 Re7 41. Ra7+ Ke6 42. Rxe7+ Kxe7 43. Rb8 Kd7 44. a6 Kc7 45. a7 1-0

[Event "Titled Tuesday intern op 14th Jan Early"]
[Site "Chess.com INT"]
[Date "2025.01.14"]
[Round "3"]
[White "Coelho, Ramyres Santana"]
[Black "Gracia Alvarez, Gerardo Antonio"]
[Result "0-1"]
[WhiteElo "1989"]
[BlackElo "2279"]
[PlyCount "92"]
[EventDate "2025.01.14"]
[EventType "swiss (blitz)"]
[EventRounds "11"]
[EventCountry "USA"]
[SourceTitle "CB04_2025"]
[SourceDate "2025.01.22"]
[SourceVersion "1"]
[SourceVersionDate "2025.01.22"]
[SourceQuality "1"]

1. e4 c5 2. Nf3 d6 3. d4 cxd4 4. Nxd4 Nf6 5. Nc3 a6 6. a4 e5 7. Nb3 Be6 8. Bd3 Nbd7 9. 0-0 Be7 10. h3 0-0 11. Be3 Rc8 12. f4 exf4 13. Rxf4 Ne5 14. Nd4 Nfd7 15. Nf5 g6 16. Nxe7+ Qxe7 17. Nd5 Bxd5 18. exd5 Nxd3 19. Qxd3 Ne5 20. Qe2 Rfe8 21. Bd4 Qc7 22. c3 f5 23. Rff1 Qc4 24. Qxc4 Nxc4 25. Rfe1 Kf7 26. b3 Nd2 27. Rxe8 Rxe8 28. b4 Re2 29. Rd1 Nc4 30. Kf1 Rc2 31. a5 Nd2+ 32. Ke1 Ne4 33. Kf1 Nxc3 34. Bxc3 Rxc3 35. Rd4 Rc2 36. Kg1 Rb2 37. Rc4 Kf6 38. Kf1 h5 39. g3 Ke5 40. Rc7 Rxb4 41. Rg7 Kxd5 42. Rxg6 h4 43. g4 f4 44. Rg7 Ke4 45. g5 Kf3 46. g6 Rb1# 0-1

[Event "Titled Tuesday intern op 24th Sep Late"]
[Site "Chess.com INT"]
[Date "2024.09.24"]
[Round "2"]
[White "Aliyev, Elnur Fakhraddin Og"]
[Black "Coelho, Ramyres Santana"]
[Result "1-0"]
[WhiteElo "2079"]
[BlackElo "1989"]
[PlyCount "79"]
[EventDate "2024.09.24"]
[EventType "swiss (blitz)"]
[EventRounds "11"]
[EventCountry "USA"]
[SourceTitle "EXT 2025"]
[Source "ChessBase"]
[SourceDate "2024.10.14"]
[SourceVersion "1"]
[SourceVersionDate "2024.10.14"]
[SourceQuality "1"]

1. e4 c5 2. Nf3 d6 3. d4 cxd4 4. Nxd4 Nf6 5. Bb5+ Nbd7 6. 0-0 a6 7. Bxd7+ Bxd7 8. Nc3 e6 9. f4 Be7 10. f5 e5 11. Nde2 0-0 12. Kh1 Rc8 13. Bg5 h6 14. Bxf6 Bxf6 15. Nd5 Bc6 16. Nec3 b5 17. a3 Bxd5 18. Nxd5 Rc4 19. Qd3 Rd4 20. Qe2 Qa8 21. Rad1 Qc6 22. c3 Rxd1 23. Rxd1 Rd8 24. Rd3 a5 25. Qh5 Bg5 26. h4 Qc4 27. Rf3 Qxe4 28. hxg5 Qxd5 29. gxh6 e4 30. hxg7 Qd1+ 31. Kh2 f6 32. Qh8+ Kf7 33. Qxd8 Kxg7 34. Qe7+ Kh6 35. Rg3 Qh5+ 36. Rh3 Qxh3+ 37. Kxh3 Kg5 38. Qxe4 b4 39. Qg4+ Kh6 40. Qg6# 1-0

[Event "Titled Tuesday intern op 17th Sep Late"]
[Site "Chess,com INT"]
[Date "2024.09.17"]
[Round "5"]
[White "Garcia Alvarez, Diego"]
[Black "Coelho, Ramyres Santana"]
[Result "1-0"]
[WhiteElo "2124"]
[BlackElo "1989"]
[PlyCount "61"]
[EventDate "2024.09.17"]
[EventType "swiss (blitz)"]
[EventRounds "11"]
[EventCountry "USA"]
[SourceTitle "EXT 2025"]
[Source "ChessBase"]
[SourceDate "2024.10.14"]
[SourceVersion "1"]
[SourceVersionDate "2024.10.14"]
[SourceQuality "1"]

1. d4 d5 2. c4 dxc4 3. Nf3 Nf6 4. Nc3 e6 5. e4 c5 6. d5 exd5 7. e5 d4 8. Bxc4 dxc3 9. Bxf7+ Ke7 10. exf6+ gxf6 11. Qb3 Nc6 12. 0-0 Qb6 13. Re1+ Kd8 14. Qd5+ Bd7 15. Re8+ Kc7 16. Bf4+ Ne5 17. Nxe5 Bd6 18. Nc4 Bxf4 19. Nxb6 axb6 20. Rxh8 cxb2 21. Rd1 Bc6 22. Qf5 Bc1 23. Rxa8 b5 24. Qc2 f5 25. Rxc1 bxc1Q+ 26. Qxc1 c4 27. Bxc4 bxc4 28. Qxc4 b5 29. Qc5 b4 30. Ra7+ Kb8 31. Qb6+ 1-0

[Event "Titled Tuesday intern op 03rd Sep Early"]
[Site "Chess.com INT"]
[Date "2024.09.03"]
[Round "5"]
[White "Coelho, Ramyres Santana"]
[Black "Smietanska, Wiktoria"]
[Result "0-1"]
[WhiteElo "1989"]
[BlackElo "2121"]
[PlyCount "94"]
[EventDate "2024.09.03"]
[EventType "swiss (blitz)"]
[EventRounds "11"]
[EventCountry "USA"]
[SourceTitle "EXT 2025"]
[Source "ChessBase"]
[SourceDate "2024.10.14"]
[SourceVersion "1"]
[SourceVersionDate "2024.10.14"]
[SourceQuality "1"]

1. e4 c5 2. Nf3 d6 3. d4 cxd4 4. Nxd4 Nf6 5. Nc3 a6 6. Be3 e5 7. Nf3 Be7 8. Bc4 0-0 9. 0-0 Qc7 10. Be2 Be6 11. Ng5 Bd7 12. h3 h6 13. Nf3 Bc6 14. Nd5 Nxd5 15. exd5 Bd7 16. c4 f5 17. b3 Bf6 18. Rc1 f4 19. Bd2 e4 20. Nh2 f3 21. gxf3 Bxh3 22. Re1 Qf7 23. Bf1 Bxf1 24. Nxf1 exf3 25. Qxf3 Qg6+ 26. Qg3 Qh5 27. f4 Bh4 28. Qg2 Bxe1 29. Rxe1 Nd7 30. Re7 Rf7 31. Qe2 Qg6+ 32. Kf2 Raf8 33. Rxf7 Qxf7 34. Qe6 Qxe6 35. dxe6 Nc5 36. e7 Re8 37. Ne3 Rxe7 38. Nd5 Rd7 39. Bc3 Ne4+ 40. Ke3 Nxc3 41. Nxc3 h5 42. Ne4 Re7 43. Kd4 h4 44. Nxd6 h3 45. Nf5 Rf7 46. Ke4 Rxf5 47. Kxf5 h2 0-1

[Event "Titled Tuesday intern op 03rd Sep Early"]
[Site "Chess.com INT"]
[Date "2024.09.03"]
[Round "9"]
[White "Ramirez Madrid, Gerardo Alfonso"]
[Black "Coelho, Ramyres Santana"]
[Result "0-1"]
[WhiteElo "2001"]
[BlackElo "1989"]
[PlyCount "80"]
[EventDate "2024.09.03"]
[EventType "swiss (blitz)"]
[EventRounds "11"]
[EventCountry "USA"]
[SourceTitle "EXT 2025"]
[Source "ChessBase"]
[SourceDate "2024.10.14"]
[SourceVersion "1"]
[SourceVersionDate "2024.10.14"]
[SourceQuality "1"]

1. Nf3 d5 2. g3 c6 3. Bg2 Nf6 4. 0-0 Nbd7 5. d4 g6 6. b3 Bg7 7. Bb2 0-0 8. Nbd2 Re8 9. Re1 Qc7 10. e4 b6 11. e5 Ne4 12. Nxe4 dxe4 13. Rxe4 Bb7 14. Re1 e6 15. Ng5 Rad8 16. Qg4 Nf8 17. Ne4 Nd7 18. Nd6 Rf8 19. Bc1 c5 20. Nxb7 cxd4 21. Nxd8 Rxd8 22. Bf4 Qxc2 23. Qd1 Qf5 24. Bf3 Nxe5 25. Rxe5 Bxe5 26. Be4 Qxe4 27. Bxe5 Qxe5 28. Qd2 d3 29. Re1 Qd4 30. Re3 e5 31. Kg2 e4 32. f3 f5 33. g4 exf3+ 34. Rxf3 Qxg4+ 35. Kf2 Qh4+ 36. Kg2 Qe4 37. Kg3 Rd4 38. Re3 Qg4+ 39. Kf2 Rf4+ 40. Ke1 Qg1# 0-1

[Event "Titled Tuesday intern op 20th Aug Early"]
[Site "Chess.com INT"]
[Date "2024.08.20"]
[Round "3"]
[White "Buscar, Michael"]
[Black "Coelho, Ramyres Santana"]
[Result "1-0"]
[WhiteElo "2016"]
[BlackElo "1989"]
[PlyCount "77"]
[EventDate "2024.08.20"]
[EventType "swiss (blitz)"]
[EventRounds "11"]
[EventCountry "USA"]
[SourceTitle "EXT 2025"]
[Source "ChessBase"]
[SourceDate "2024.10.14"]
[SourceVersion "1"]
[SourceVersionDate "2024.10.14"]
[SourceQuality "1"]

1. d4 Nf6 2. c4 d5 3. Nf3 g6 4. g3 c6 5. Bg2 Bg7 6. Nc3 0-0 7. Qb3 dxc4 8. Qxc4 Nd5 9. Nxd5 cxd5 10. Qb3 Nc6 11. 0-0 Nxd4 12. Nxd4 Bxd4 13. Rd1 Qb6 14. Bxd5 Bxf2+ 15. Kg2 Qxb3 16. axb3 Bb6 17. Bh6 Re8 18. Rf1 e6 19. Bc4 Bd7 20. Rf4 Bc6+ 21. Kh3 Be3 22. Rh4 Bxh6 23. Rxh6 Kg7 24. Rh4 Red8 25. Bd3 Bd7 26. Rb4 b6 27. Be4 Rab8 28. Rxa7 f5 29. Bb7 Kf6 30. Rxb6 g5 31. g4 fxg4+ 32. Kxg4 Kg6 33. Be4+ Kf6 34. Rxb8 Rxb8 35. Rxd7 Rb4 36. Kf3 g4+ 37. Ke3 Ke5 38. Bc2 Rxb3+ 39. Bxb3 1-0

[Event "Titled Tuesday intern op 20th Aug Early"]
[Site "Chess.com INT"]
[Date "2024.08.20"]
[Round "4"]
[White "Coelho, Ramyres Santana"]
[Black "Kazantzoglou, Stefanos"]
[Result "1-0"]
[WhiteElo "1989"]
[BlackElo "2197"]
[PlyCount "53"]
[EventDate "2024.08.20"]
[EventType "swiss (blitz)"]
[EventRounds "11"]
[EventCountry "USA"]
[SourceTitle "EXT 2025"]
[Source "ChessBase"]
[SourceDate "2024.10.14"]
[SourceVersion "1"]
[SourceVersionDate "2024.10.14"]
[SourceQuality "1"]

1. e4 e5 2. Nf3 Nc6 3. Bc4 Nf6 4. Ng5 d5 5. exd5 Na5 6. Bb5+ c6 7. dxc6 bxc6 8. Qf3 Rb8 9. Bd3 h6 10. Ne4 Be7 11. Nbc3 0-0 12. 0-0 Nxe4 13. Bxe4 f5 14. Bxc6 Nxc6 15. Qxc6 Rb6 16. Qd5+ Be6 17. Qxd8 Rxd8 18. d3 Bf6 19. Rb1 e4 20. Be3 Rxb2 21. Rxb2 Bxc3 22. Rb7 exd3 23. cxd3 Bxa2 24. Rxa7 Bb3 25. Rb7 Bd5 26. Rb5 Bc6 27. Rc5 1-0

[Event "Titled Tuesday intern op 20th Aug Early"]
[Site "Chess.com INT"]
[Date "2024.08.20"]
[Round "5"]
[White "Matveeva, Olga"]
[Black "Coelho, Ramyres Santana"]
[Result "1-0"]
[WhiteElo "2182"]
[BlackElo "1989"]
[PlyCount "139"]
[EventDate "2024.08.20"]
[EventType "swiss (blitz)"]
[EventRounds "11"]
[EventCountry "USA"]
[SourceTitle "EXT 2025"]
[Source "ChessBase"]
[SourceDate "2024.10.14"]
[SourceVersion "1"]
[SourceVersionDate "2024.10.14"]
[SourceQuality "1"]

1. d4 d5 2. c4 Nf6 3. cxd5 Nxd5 4. e4 Nb6 5. Nc3 e5 6. d5 Bc5 7. Nf3 Bg4 8. Be2 N8d7 9. 0-0 Bxf3 10. Bxf3 0-0 11. Qe2 Nf6 12. Bg5 a6 13. Rfd1 Qd6 14. Rac1 Nbd7 15. a3 Bd4 16. Be3 Bxe3 17. Qxe3 Rfd8 18. Ne2 Rac8 19. Ng3 Qb6 20. Qxb6 Nxb6 21. Nf5 Kf8 22. g4 g6 23. Ne3 g5 24. Nf5 Ng8 25. Be2 Ne7 26. Ne3 f6 27. f3 Rd6 28. Kf2 Ng6 29. Nf5 Rdd8 30. h4 Nxh4 31. Nxh4 gxh4 32. Rh1 c6 33. dxc6 bxc6 34. Rc2 a5 35. Rxh4 Rc7 36. Ke3 c5 37. Bb5 Kg7 38. Rhh2 Nd7 39. Bxd7 Rdxd7 40. Rc4 Rd4 41. Rhc2 Rcd7 42. Rxc5 Rd3+ 43. Ke2 a4 44. Ra5 R3d4 45. Ra8 Rb7 46. Rac8 Rdd7 47. R8c4 Kg6 48. Rxa4 Rb3 49. Ra6 Rdd3 50. Rcc6 Re3+ 51. Kd2 Rxf3 52. Rab6 Rbe3 53. a4 Rxe4 54. a5 Rd4+ 55. Kc2 Rf2+ 56. Kb1 Ra4 57. a6 e4 58. Re6 Rf4 59. b3 Ra5 60. b4 Ra3 61. Kb2 Re3 62. Rbc6 Rf2+ 63. Rc2 Ree2 64. Rxe2 Rxe2+ 65. Kc3 Ra2 66. b5 e3 67. Rxe3 Ra4 68. Kb3 Rxg4 69. a7 h5 70. a8Q 1-0

[Event "Titled Tuesday intern op 20th Aug Early"]
[Site "Chess.com INT"]
[Date "2024.08.20"]
[Round "9"]
[White "Meszaros, Gyorgy"]
[Black "Coelho, Ramyres Santana"]
[Result "1-0"]
[WhiteElo "2200"]
[BlackElo "1989"]
[PlyCount "84"]
[EventDate "2024.08.20"]
[EventType "swiss (blitz)"]
[EventRounds "11"]
[EventCountry "USA"]
[SourceTitle "EXT 2025"]
[Source "ChessBase"]
[SourceDate "2024.10.14"]
[SourceVersion "1"]
[SourceVersionDate "2024.10.14"]
[SourceQuality "1"]

1. e4 c6 2. d3 d5 3. Nc3 d4 4. Nce2 e5 5. g3 Nf6 6. Bg2 Be6 7. h3 Bb4+ 8. c3 Bc5 9. c4 0-0 10. f4 exf4 11. Nxf4 Bb4+ 12. Bd2 Na6 13. Nf3 c5 14. 0-0 Rb8 15. a3 Bxd2 16. Qxd2 Qd7 17. Nxe6 fxe6 18. b4 b6 19. b5 Nc7 20. a4 a6 21. Kh2 a5 22. Rf2 Rbe8 23. Raf1 e5 24. Nh4 Qf7 25. Nf5 Qg6 26. g4 Ne6 27. Rf3 Nf4 28. Rxf4 exf4 29. Qxf4 Kh8 30. Nh4 Qf7 31. g5 Nd7 32. Qxf7 Rxf7 33. Rxf7 Ne5 34. Rb7 Nxd3 35. Rxb6 Ne1 36. Rd6 d3 37. b6 Rb8 38. Nf3 Nc2 39. Rxd3 g6 40. Rb3 Nd4 41. Nxd4 cxd4 42. c5 Kg7 1-0

[Event "Titled Tuesday intern op 13th Aug Early"]
[Site "Chess.com INT"]
[Date "2024.08.13"]
[Round "10"]
[White "Coelho, Ramyres Santana"]
[Black "Ghosh, Chanchal Kumer"]
[Result "0-1"]
[WhiteElo "1989"]
[BlackElo "2025"]
[PlyCount "74"]
[EventDate "2024.08.13"]
[EventType "swiss (blitz)"]
[EventRounds "11"]
[EventCountry "USA"]
[SourceTitle "EXT 2025"]
[Source "ChessBase"]
[SourceDate "2024.10.14"]
[SourceVersion "1"]
[SourceVersionDate "2024.10.14"]
[SourceQuality "1"]

1. e4 c5 2. Nf3 d6 3. c3 Nf6 4. Bd3 Nc6 5. Bc2 c4 6. d4 cxd3 7. Qxd3 e5 8. Bg5 h6 9. Bh4 Be6 10. Nbd2 Be7 11. Bg3 Qc7 12. 0-0 0-0 13. Bb3 Nh5 14. Bxe6 fxe6 15. Nh4 Rf6 16. h3 Raf8 17. Bh2 Kh7 18. g4 Nf4 19. Bxf4 Rxf4 20. Qg3 Qb6 21. Rab1 Qa6 22. a3 Qe2 23. Ng2 Qxd2 24. Nxf4 exf4 25. Qf3 Ne5 26. Qd1 Qxd1 27. Rbxd1 g5 28. f3 Rc8 29. Rd4 a5 30. b4 Rxc3 31. bxa5 Nxf3+ 32. Rxf3 Rxf3 33. Rb4 Kg7 34. Rxb7 Kf6 35. a4 Ra3 36. Rb4 d5 37. Rd4 Bc5 0-1

[Event "Titled Tuesday intern op 13th Aug Early"]
[Site "Chess.com INT"]
[Date "2024.08.13"]
[Round "2"]
[White "Coelho, Ramyres Santana"]
[Black "Tikhonov, Viacheslav"]
[Result "0-1"]
[WhiteElo "1989"]
[BlackElo "2160"]
[PlyCount "28"]
[EventDate "2024.08.13"]
[EventType "swiss (blitz)"]
[EventRounds "11"]
[EventCountry "USA"]
[SourceTitle "EXT 2025"]
[Source "ChessBase"]
[SourceDate "2024.10.14"]
[SourceVersion "1"]
[SourceVersionDate "2024.10.14"]
[SourceQuality "1"]

1. d4 Nf6 2. c4 g6 3. Nc3 d5 4. Bf4 Bg7 5. cxd5 Nxd5 6. e4 Nxf4 7. Qf3 e5 8. Bc4 0-0 9. Rd1 Qe7 10. g3 exd4 11. Nd5 Nxd5 12. Bxd5 Qb4+ 13. Kf1 Qxb2 14. Nh3 Bxh3+ 0-1

[Event "Titled Tuesday intern op 13th Aug Early"]
[Site "Chess.com INT"]
[Date "2024.08.13"]
[Round "11"]
[White "Guzman Lozano, Campo Elias"]
[Black "Coelho, Ramyres Santana"]
[Result "1-0"]
[WhiteElo "1868"]
[BlackElo "1989"]
[PlyCount "59"]
[EventDate "2024.08.13"]
[EventType "swiss (blitz)"]
[EventRounds "11"]
[EventCountry "USA"]
[SourceTitle "EXT 2025"]
[Source "ChessBase"]
[SourceDate "2024.10.14"]
[SourceVersion "1"]
[SourceVersionDate "2024.10.14"]
[SourceQuality "1"]

1. Nf3 d5 2. b3 Nf6 3. Bb2 Nc6 4. e3 Bg4 5. Bb5 e6 6. Nc3 Be7 7. Ne2 0-0 8. Bxc6 bxc6 9. Ng3 c5 10. h3 Bh5 11. Nxh5 Nxh5 12. Ne5 Bf6 13. Qxh5 d4 14. Nd3 dxe3 15. fxe3 Bh4+ 16. Ke2 Bf6 17. Qxc5 Bxb2 18. Nxb2 Qf6 19. Nd3 Rad8 20. Raf1 Qg6 21. g4 Rd5 22. Qxc7 Rdd8 23. Qf4 f6 24. h4 Rc8 25. h5 Qf7 26. c4 e5 27. Qe4 Rcd8 28. Nb4 Qe7 29. Nd5 Qb4 30. g5 1-0

[Event "Titled Tuesday intern op 13th Aug Early"]
[Site "Chess.com INT"]
[Date "2024.08.13"]
[Round "4"]
[White "Ronka, Erik"]
[Black "Coelho, Ramyres Santana"]
[Result "1-0"]
[WhiteElo "2305"]
[BlackElo "1989"]
[PlyCount "29"]
[EventDate "2024.08.13"]
[EventType "swiss (blitz)"]
[EventRounds "11"]
[EventCountry "USA"]
[SourceTitle "EXT 2025"]
[Source "ChessBase"]
[SourceDate "2024.10.14"]
[SourceVersion "1"]
[SourceVersionDate "2024.10.14"]
[SourceQuality "1"]

1. Nf3 d6 2. e4 Bg4 3. d4 e5 4. dxe5 Bxf3 5. Qxf3 dxe5 6. Bc4 Nf6 7. Qb3 Bd6 8. Bxf7+ Kf8 9. Qxb7 Nbd7 10. Bb3 Nc5 11. Qc6 Ncxe4 12. Nc3 Bb4 13. 0-0 Rb8 14. Nxe4 Rb6 15. Qc4 1-0

[Event "Titled Tuesday intern op 13th Aug Early"]
[Site "Chess.com INT"]
[Date "2024.08.13"]
[Round "1"]
[White "Sturt, Raven M"]
[Black "Coelho, Ramyres Santana"]
[Result "1-0"]
[WhiteElo "2459"]
[BlackElo "1989"]
[PlyCount "55"]
[EventDate "2024.08.13"]
[EventType "swiss (blitz)"]
[EventRounds "11"]
[EventCountry "USA"]
[SourceTitle "EXT 2025"]
[Source "ChessBase"]
[SourceDate "2024.10.14"]
[SourceVersion "1"]
[SourceVersionDate "2024.10.14"]
[SourceQuality "1"]

1. f4 d5 2. Nf3 Nc6 3. e3 Bg4 4. Bb5 e6 5. Bxc6+ bxc6 6. b3 Nf6 7. Bb2 Be7 8. h3 Bxf3 9. Qxf3 0-0 10. 0-0 Rb8 11. d3 c5 12. Nd2 c6 13. e4 Qb6 14. Kh1 a5 15. a4 Qc7 16. Be5 Bd6 17. Bxd6 Qxd6 18. e5 Qe7 19. exf6 Qxf6 20. Qf2 Qe7 21. Rae1 Qd6 22. f5 e5 23. f6 Qxf6 24. Qxf6 gxf6 25. Rxf6 Kg7 26. Rxc6 Rbc8 27. Rxc8 Rxc8 28. Rxe5 1-0

[Event "Titled Tuesday intern op 04th Jun Early"]
[Site "Chess.com INT"]
[Date "2024.06.04"]
[Round "4"]
[White "Coelho, Ramyres Santana"]
[Black "Villabrille, Roberto"]
[Result "1-0"]
[WhiteElo "1989"]
[BlackElo "2140"]
[PlyCount "65"]
[EventDate "2024.06.04"]
[EventType "swiss (blitz)"]
[EventRounds "11"]
[EventCountry "USA"]
[SourceTitle "EXT 2025"]
[Source "ChessBase"]
[SourceDate "2024.10.14"]
[SourceVersion "1"]
[SourceVersionDate "2024.10.14"]
[SourceQuality "1"]

1. e4 d5 2. exd5 Qxd5 3. Nc3 Qd6 4. Ne4 Qe6 5. Qe2 f5 6. Ng5 Qxe2+ 7. Bxe2 Nf6 8. N1h3 h6 9. Nf3 e6 10. 0-0 Nc6 11. c3 Bd6 12. d4 0-0 13. b4 a6 14. a4 Bd7 15. Bb2 Ne7 16. b5 axb5 17. axb5 Ng6 18. c4 c6 19. c5 Bc7 20. b6 Nf4 21. Nxf4 Bxf4 22. g3 Rxa1 23. Rxa1 Bb8 24. Bc4 Nd5 25. Ra8 g5 26. Bxd5 exd5 27. Bc1 Kg7 28. h4 g4 29. Ne1 Re8 30. Nd3 Kf6 31. Bxh6 Rh8 32. Bg5+ Ke6 33. Bf4 1-0

[Event "Titled Tuesday intern op 14th May Early"]
[Site "Chess.com INT"]
[Date "2024.05.14"]
[Round "1"]
[White "Vlassov, Nikolai"]
[Black "Coelho, Ramyres Santana"]
[Result "1-0"]
[WhiteElo "2299"]
[BlackElo "1989"]
[PlyCount "105"]
[EventDate "2024.05.14"]
[EventType "swiss (blitz)"]
[EventRounds "11"]
[EventCountry "USA"]
[SourceTitle "EXT 2025"]
[Source "ChessBase"]
[SourceDate "2024.10.14"]
[SourceVersion "1"]
[SourceVersionDate "2024.10.14"]
[SourceQuality "1"]

1. e4 c5 2. c3 d5 3. exd5 Qxd5 4. d4 cxd4 5. cxd4 Nc6 6. Nf3 e6 7. a3 Nf6 8. Nc3 Qd8 9. Bd3 Bd6 10. Be3 0-0 11. Qc2 h6 12. 0-0 Nd5 13. Rad1 Nxe3 14. fxe3 Qe7 15. Ne4 Bb8 16. Qf2 f5 17. Nc3 b6 18. e4 fxe4 19. Bxe4 Bb7 20. Bb1 Na5 21. Qc2 g5 22. Qg6+ Qg7 23. Qxe6+ Kh8 24. Ne5 Bxe5 25. Qxe5 Qxe5 26. dxe5 Nc4 27. e6 Rxf1+ 28. Rxf1 Re8 29. Rf7 Nd6 30. Rh7+ Kg8 31. Rxh6 Kg7 32. Rg6+ Kh8 33. Ba2 Rg8 34. Rxg8+ Kxg8 35. Kf2 Kg7 36. g3 Kf6 37. h4 gxh4 38. gxh4 Nf5 39. h5 Kg5 40. Bb1 Ne7 41. Kg3 Kxh5 42. Kf4 Kh6 43. Ke5 Kg7 44. Kd6 Kf6 45. Be4 Bc8 46. Nd5+ Nxd5 47. Bxd5 a5 48. e7 Bd7 49. Kxd7 Ke5 50. Bc6 Kd4 51. e8Q Kc5 52. Qe4 a4 53. Qb4# 1-0

[Event "Titled Tuesday intern op 19th Mar Early"]
[Site "Chess.com INT"]
[Date "2024.03.19"]
[Round "1"]
[White "Coelho, Ramyres Santana"]
[Black "Barria Zuniga, Daniel"]
[Result "0-1"]
[WhiteElo "1989"]
[BlackElo "2341"]
[PlyCount "72"]
[EventDate "2024.03.19"]
[EventType "swiss (blitz)"]
[EventRounds "11"]
[EventCountry "USA"]
[SourceTitle "EXT 2025"]
[Source "ChessBase"]
[SourceDate "2024.10.14"]
[SourceVersion "1"]
[SourceVersionDate "2024.10.14"]
[SourceQuality "1"]

1. e4 c5 2. Nf3 e6 3. d4 cxd4 4. c3 dxc3 5. Nxc3 Nc6 6. Bc4 a6 7. 0-0 b5 8. Bb3 Na5 9. Bc2 Bb7 10. Qe2 Rc8 11. Rd1 Ne7 12. Nd4 Ng6 13. Be3 Nc4 14. Bc1 Bc5 15. Nb3 Bb6 16. Kh1 Qf6 17. f3 Nf4 18. Bxf4 Qxf4 19. Qd3 0-0 20. Qxd7 Rc7 21. Ne2 Qg5 22. f4 Qg4 23. Qd3 Ne3 24. Rg1 Nxc2 25. Rac1 Bxg1 26. Nxg1 Nb4 27. Qd2 Rxc1 28. Qxc1 Bxe4 29. Qd2 Nd5 30. Nd4 Qxf4 31. Qe2 Rc8 32. Ndf3 Rc2 33. Qd1 g5 34. Qd4 Bxf3 35. Qxf4 Nxf4 36. gxf3 Rxb2 0-1

[Event "Titled Tuesday intern op 05th Mar Early"]
[Site "Chess.com INT"]
[Date "2024.03.05"]
[Round "1"]
[White "Tologontegin, Semetey"]
[Black "Coelho, Ramyres Santana"]
[Result "1-0"]
[WhiteElo "2349"]
[BlackElo "1989"]
[PlyCount "93"]
[EventDate "2024.03.05"]
[EventType "swiss (blitz)"]
[EventRounds "11"]
[EventCountry "USA"]
[SourceTitle "EXT 2025"]
[Source "ChessBase"]
[SourceDate "2024.10.14"]
[SourceVersion "1"]
[SourceVersionDate "2024.10.14"]
[SourceQuality "1"]

1. e4 c5 2. Nc3 e6 3. g3 d6 4. Bg2 Nf6 5. Nge2 Be7 6. 0-0 0-0 7. d4 cxd4 8. Nxd4 a6 9. a4 Qc7 10. Be3 Nc6 11. Nxc6 bxc6 12. f4 Rb8 13. b3 e5 14. h3 d5 15. exd5 cxd5 16. Nxd5 Nxd5 17. Qxd5 Qxc2 18. Qxe5 Bf6 19. Qxb8 Bxa1 20. Rxa1 Bxh3 21. Qb7 Qc3 22. Bxh3 Qxa1+ 23. Kh2 Qb2+ 24. Bg2 h5 25. Qd5 h4 26. gxh4 Qf6 27. Kg3 Rd8 28. Qg5 Qxg5+ 29. hxg5 Rd3 30. Kf2 Rxb3 31. a5 Rb2+ 32. Kf3 Rb3 33. Ke2 Rb2+ 34. Bd2 g6 35. Be4 Kf8 36. Bd3 Rb7 37. Bxa6 Re7+ 38. Be3 Re6 39. Bd3 f6 40. a6 fxg5 41. fxg5 Re8 42. a7 Ke7 43. Bxg6 Rg8 44. Be4 Rh8 45. a8Q Rh2+ 46. Bg2 Rh8 47. Qxh8 1-0

[Event "Titled Tuesday intern op 20th Feb Early"]
[Site "Chess.com INT"]
[Date "2024.02.20"]
[Round "4"]
[White "Bakhrillaev, Bakhrom"]
[Black "Coelho, Ramyres Santana"]
[Result "0-1"]
[WhiteElo "2325"]
[BlackElo "1981"]
[PlyCount "70"]
[EventDate "2024.02.20"]
[EventType "swiss (blitz)"]
[EventRounds "11"]
[EventCountry "USA"]
[SourceTitle "EXT 2025"]
[Source "ChessBase"]
[SourceDate "2024.10.14"]
[SourceVersion "1"]
[SourceVersionDate "2024.10.14"]
[SourceQuality "1"]

1. d4 Nf6 2. c4 g6 3. Nc3 d5 4. cxd5 Nxd5 5. e4 Nxc3 6. bxc3 Bg7 7. Be3 0-0 8. Qd2 c5 9. Nf3 cxd4 10. cxd4 Nc6 11. Rd1 Bg4 12. Be2 Bxf3 13. Bxf3 e5 14. d5 Nd4 15. Bxd4 exd4 16. 0-0 f5 17. exf5 Rxf5 18. Bg4 Rxd5 19. Be6+ Kh8 20. Bxd5 Qxd5 21. Rfe1 Rd8 22. Re7 d3 23. Rde1 Qb5 24. h4 h5 25. Rxg7 Kxg7 26. Re7+ Kf6 27. Qe3 Qf5 28. Rh7 Rd7 29. Rh8 d2 30. Qc3+ Ke6 31. Re8+ Re7 32. Rxe7+ Kxe7 33. Qxd2 Qe6 34. Qb4+ Qd6 35. Qxb7+ Ke6 0-1